000 00755nam a2200241 i 4500
001 C2-0335386
003 PPAK
005 20180728134822.0
008 160107s2001 io o|||| ||||| | ind d
040 _aPPAK
_beng
_cPPAK
_erda
082 0 4 _a928.99221
_223
090 0 0 _a928.99221
_bROS
_dKK
100 1 _aRosidi, Ajib,
_d1938-
_eauthor
245 1 0 _aHurip waras! :
_bdua panineungan
264 1 _aBandong, Indonesia :
_bWedalan PT Kiblat Buku Utama ,
_c2001
300 _a244 pages :
_bphotographs ;
_c21 cm
336 _2rdacontent
_atext
337 _2rdamedia
_aunmediated
338 _2rdacarrier
_avolume
500 _aIncludes index.
650 1 0 _aRosidi, Ajip, -- 1938- ; Authors, Sundanese -- 20th century -- Biography.
942 _ddc
_cB
999 _c133570
_d133570